8 mots dans mots : pub (mort subite) - Statistiques

Statistiques générales
  • Ce quiz a été pris 27 fois
  • Le résultat moyen est 8 sur 8
Answers on the Grid
Answers color-coded by a green-red scale on the quiz's grid according to % correct below.
dé---jectiviser
auto---lication
con---stantialité
antiré---licain
pré---erté
in---ordination
pré---lication
in---mersibilité
im---liable
cha---le
para---lic
en---anner
contre - ---licités
t---lion
ché---in
ré---licaniser
 
Statistiques - réponses
Réponse % Correct
auto---lication
100%
pré---erté
100%
antiré---licain
96%
contre - ---licités
96%
im---liable
96%
pré---lication
96%
ré---licaniser
85%
para---lic
81%
Aucun quiz correspondant
Distribution des résultats
% des personnes avec chaque résultat
Percentile par nombre de réponses
Votre historique - résultats
Vous n’avez pas pris ce quiz